Conservación y utilización de recursos provenientes de la vida silvestre : (Registro nro. 8595)

Detalles MARC
000 -CABECERA
Campo de control 00975nam a2200265 a 4500
005 - FECHA Y HORA DE LA ULTIMA TRANSACCION
Campo de control 20200104041627.0
008 - ELEMENTOS DE LONGITUD FIJA—INFORMACION GENERAL
Campo de control 140815|2008 cn spa
020 ## - ISBN
ISBN 9292250833
041 ## - IDIOMA
Código de idioma para texto/pista de sonido o título separado Español
044 ## - PAÍS DE PUBLICACIÓN
País de publicación Canadá
082 ## - NUMERO DE CLASIFICACION DECIMAL DEWEY
Número de clasificación 577.27
Número del ítem N25c
100 1# - ASIENTO PRINCIPAL--NOMBRE PERSONAL
Nombre personal Nasi, Robert
245 10 - MENCION DE TITULO
Título Conservación y utilización de recursos provenientes de la vida silvestre :
Parte restante del título La crisis de la carne de caza
Mención de responsabilidad Robert, Nasi... (et al.)
260 ## - PUBLICACION, DISTRIBUCION, ETC. (PIE DE IMPRENTA)
Lugar de publicación, distribución, etc. Montreal
Nombre del editor, distribuidor, etc. Secretaria del Convenio sobre la Diversidad Biológica
-- Centro para la Investigación Forestal Internacional-(CIFOR)
Fecha de publicación, distribución, etc. 2008
300 ## - DESCRIPCION FISICA
Extensión 53 p.
Otros detalles físicos Tablas, fot.
Dimensiones 28 cm.
490 ## - MENCION DE SERIE
Mención de serie Cuaderno Técnico CDB
Designación numérica/secuencial del volumen 33
504 ## - NOTA DE BIBLIOGRAFIA, ETC.
Nota de bibliografía Incluye referencias bibliográficas (pag 45 - 53)
650 #4 - ASIENTO SECUNDARIO DE MATERIA - TERMINO TEMATICO
Término temático o nombre geográfico como elemento de entrada Vida silvestre
650 #4 - ASIENTO SECUNDARIO DE MATERIA - TERMINO TEMATICO
Término temático o nombre geográfico como elemento de entrada Cacería
650 #4 - ASIENTO SECUNDARIO DE MATERIA - TERMINO TEMATICO
Término temático o nombre geográfico como elemento de entrada Conservación de biodiversidad
650 #4 - ASIENTO SECUNDARIO DE MATERIA - TERMINO TEMATICO
Término temático o nombre geográfico como elemento de entrada Carne de monte
700 1# - ASIENTO SECUNDARIO - NOMBRE PERSONAL
Nombre personal Brown, David
Término de relación ed.
700 1# - ASIENTO SECUNDARIO - NOMBRE PERSONAL
Nombre personal Bennet, Elizabeth
Término de relación ed.
942 ## - ELEMENTOS ADICIONALES (KOHA)
Tipo de ítem Libro
Sistema de clasificación Dewey Decimal Classification
Existencias
Withdrawn status Lost status Sistema de Clasificación Damaged status No para préstamo Colección Inventariado Ubicación Permanente Ubicación actual Fecha de adquisición Fuente de Valor Valor Total Checkouts Número topográfico Inventario / Código de Barras Date last seen Ejemplar Price effective from Forma de adquisición Tipo de material
    Dewey Decimal Classification     General Inventariado 2017 Bogotá Bogotá 08/08/2014 Instituto 39000.00   LB-577.27 N25c 034526 08/08/2014 Ej. 1 08/08/2014   Libro